Cabin Crew Simulator Airplanes - Statistics

General Stats
  • This quiz has been taken 28 times
    13 since last reset
  • The average score is 6 of 16
Answer Stats
Number unlocked Plane Manufactor Cost Passengers Multiplayer % Correct
1 Erj-145 Embraer 0 Skybux 11 None
56%
7 Airbus A320 Airbus 5500 Skybux 72 3
44%
16 Airbus A380 Airbus 55000 Skybux 315 9
44%
6 Boeing 737-800 Boeing 3750 Skybux 68 2
44%
15 Boeing 747-400 Boeing 45000 Skybux 217 8
44%
13 Boeing 777-300 Boeing 32000 Skybux 162 7
44%
4 E175 Embraer 2100 Skybux 26 1
44%
8 Airbus A321 Airbus 7500 Skybux 76 3
33%
12 Airbus A330-200 Airbus 19000 Skybux 123 7
33%
14 Airbus A350-1000 Airbus 38000 Skybux 165 7
33%
10 Boeing 767-300 Boeing 12500 Skybux 102 6
33%
11 Boeing 787-8 Boeing 12000 Skybux 96 7
33%
2 Crj-200 Bombardier 1200 Skybux 16 None
33%
5 Boeing 717-200 Boeing 2750 Skybux 28 1
22%
9 Boeing 757-200 Boeing 10500 Skybux 92 4
22%
3 Q400 Bombardier 2000 Skybux 24 1
0%
No matching quizzes found
Score Distribution
Percent of People with Each Score
Percentile by Number Answered
Your Score History
You have not taken this quiz since the last reset